000
00291nam a2200121Ia 4500
008
190216s9999||||xx |||||||||||||| ||und||
100
_a
Salgaonkar V D
245
4
_a
The Gates Of Wisdom
260
_b
The Macmillian Co. Of India Ltd
_c
1971
300
_a
166p
650
_a
Novel
942
_c
BK
999
_c
12501
_d
12501